<?xml version="1.0" encoding="UTF-8"?>
<record
    xmlns:xsi="http://www.w3.org/2001/XMLSchema-instance"
    xsi:schemaLocation="http://www.loc.gov/MARC21/slim http://www.loc.gov/standards/marcxml/schema/MARC21slim.xsd"
    xmlns="http://www.loc.gov/MARC21/slim">

  <leader>01533nam a22002657a 4500</leader>
  <datafield tag="952" ind1=" " ind2=" ">
    <subfield code="0">0</subfield>
    <subfield code="1">0</subfield>
    <subfield code="2">lcc</subfield>
    <subfield code="4">0</subfield>
    <subfield code="7">0</subfield>
    <subfield code="a">04</subfield>
    <subfield code="b">04</subfield>
    <subfield code="d">2015-06-02</subfield>
    <subfield code="l">8</subfield>
    <subfield code="o">BF637.T77 E3418</subfield>
    <subfield code="p">04 005218</subfield>
    <subfield code="r">2017-07-17</subfield>
    <subfield code="s">2017-07-17</subfield>
    <subfield code="t">1</subfield>
    <subfield code="w">2015-06-02</subfield>
    <subfield code="y">LB</subfield>
  </datafield>
  <datafield tag="952" ind1=" " ind2=" ">
    <subfield code="0">0</subfield>
    <subfield code="1">0</subfield>
    <subfield code="4">0</subfield>
    <subfield code="7">0</subfield>
    <subfield code="a">11</subfield>
    <subfield code="b">11</subfield>
    <subfield code="d">2019-07-31</subfield>
    <subfield code="l">0</subfield>
    <subfield code="o">BF637.T77 E3418</subfield>
    <subfield code="p">11 002439</subfield>
    <subfield code="r">2019-07-31</subfield>
    <subfield code="t">1</subfield>
    <subfield code="w">2019-07-31</subfield>
    <subfield code="y">LB</subfield>
  </datafield>
  <datafield tag="999" ind1=" " ind2=" ">
    <subfield code="c">96713</subfield>
    <subfield code="d">96713</subfield>
  </datafield>
  <controlfield tag="008">131023t    2014mx ||||| |||| 001 0 spa d</controlfield>
  <datafield tag="020" ind1=" " ind2=" ">
    <subfield code="a">9786078406401</subfield>
  </datafield>
  <datafield tag="050" ind1=" " ind2="4">
    <subfield code="a">BF637.T77 </subfield>
    <subfield code="b">E3418</subfield>
  </datafield>
  <datafield tag="100" ind1="1" ind2=" ">
    <subfield code="a">EKMAN, Paul, </subfield>
    <subfield code="e">autor.</subfield>
  </datafield>
  <datafield tag="240" ind1="1" ind2="0">
    <subfield code="a">Telling Lies.</subfield>
    <subfield code="l">Espa&#xF1;ol.</subfield>
  </datafield>
  <datafield tag="245" ind1="1" ind2="0">
    <subfield code="a">C&#xF3;mo detectar mentiras </subfield>
    <subfield code="b">: una gu&#xED;a para utilizar en el trabajo, la pol&#xED;tica y la pareja</subfield>
    <subfield code="c">/ Paul Ekman; Traducci&#xF3;n: Leandro Wolf.</subfield>
  </datafield>
  <datafield tag="246" ind1="1" ind2="4">
    <subfield code="a">C&#xF3;mo detectar mentiras</subfield>
    <subfield code="b"> : una gu&#xED;a para utilizar en el trabajo, la pol&#xED;tica y la pareja.</subfield>
  </datafield>
  <datafield tag="260" ind1=" " ind2=" ">
    <subfield code="a">M&#xE9;xico</subfield>
    <subfield code="b">: Paid&#xF3;s</subfield>
    <subfield code="c">, 2014</subfield>
  </datafield>
  <datafield tag="300" ind1=" " ind2=" ">
    <subfield code="a">398 p&#xE1;ginas</subfield>
    <subfield code="b">: ilustraciones, fotos en blanco y negro</subfield>
    <subfield code="c">; 24 cm.</subfield>
  </datafield>
  <datafield tag="500" ind1=" " ind2=" ">
    <subfield code="a">Traducci&#xF3;n de: Telling Lies.</subfield>
  </datafield>
  <datafield tag="500" ind1=" " ind2=" ">
    <subfield code="a">Incluye ap&#xE9;ndice (p. 357-365)
Incluye &#xED;ndice anal&#xED;tico y de nombres (p. 383-398)</subfield>
  </datafield>
  <datafield tag="504" ind1=" " ind2=" ">
    <subfield code="a">Notas bibliogr&#xE1;ficas (p. 367-381)</subfield>
  </datafield>
  <datafield tag="505" ind1="2" ind2=" ">
    <subfield code="a">Mentiras, autodelaciones e indicios del enga&#xF1;o.
Por que fallan las mentiras.
La detecci&#xF3;n del enga&#xF1;o a partir de las palabras, la voz y el cuerpo.
Los indicios faciales del enga&#xF1;o.
Peligros y precauciones.
El pol&#xED;grafo como cazador de mentiras.
Verificaci&#xF3;n de la mentira.
Detectar mentiras en la d&#xE9;cada de 1990.
La mentira en la vida p&#xFA;blica.
Nuevos descubrimientos y nuevas ideas sobre la mentira y su detecci&#xF3;n.</subfield>
  </datafield>
  <datafield tag="519" ind1=" " ind2=" ">
    <subfield code="a">EDUCACI&#xD3;N MIXTA
LIC. MAX CRIMINAL&#xCD;STICA / POLIGRAF&#xCD;A FORENSE P21 (L-3) / </subfield>
    <subfield code="d">(04 005218)</subfield>
  </datafield>
  <datafield tag="650" ind1="1" ind2=" ">
    <subfield code="a">VERDAD Y MENTIRA.</subfield>
  </datafield>
  <datafield tag="650" ind1="2" ind2=" ">
    <subfield code="a">HONRADEZ</subfield>
  </datafield>
  <datafield tag="650" ind1="3" ind2=" ">
    <subfield code="a">CRIMINALISTICA</subfield>
  </datafield>
  <datafield tag="700" ind1="1" ind2=" ">
    <subfield code="a">WOLFSON, Leandro,  </subfield>
    <subfield code="e">traductor</subfield>
  </datafield>
  <datafield tag="942" ind1=" " ind2=" ">
    <subfield code="c">LB</subfield>
  </datafield>
</record>
